000 00394nam a22001697a 4500
003 MPLRDC
005 20220104113826.0
008 210129b ||||| |||| 00| 0 eng d
082 _a848.1 XS-8 no.1
100 _a徐速著
245 _a媛媛
_c
250 _a第二版
260 _a
_b当代文艺出版社
_c1990
300 _b
650 _a现代别集
942 _cBK
_o848.1 XS-8 no.1
999 _c2657
_d2647